00575 2200217 4500001002100000005001500021035002000036007000300056008004100059020002200100082001100122084001700133100002300150245005400173250001600227260002600243300004300269650001800312505001300330990001400343INLIS00000000000171820230327122122 a0010-0323000137ta230327 g 0 ind  a978-979-448-988-8 a616.07 a616.07 ELI b0 aElizabeth J Corwin1 aBuku Saku Patofisologi :b- /cElizabeth J Corwin a1, cet.ke-1 aJakarta :bEGC,c2009 axiv, 842 hlm :bilus. ;c14 x 21 cme- 4aPatofisiologi ahlm. 842 a201500152